|
|
|
|
| LEADER |
00634cam a2200169 7i4500 |
| 001 |
0000023809 |
| 005 |
20091111090000.0 |
| 090 |
0 |
0 |
|a M 382.0730595
|b AME
|
| 110 |
2 |
0 |
|a American Malaysian Chamber of Commerce (AMCHAM)
|
| 245 |
2 |
0 |
|a 2009/2010 AMCHAM Malaysia membership Directory.
|
| 260 |
0 |
0 |
|a Kuala Lumpur:
|b AMCHAM,
|c 2009.
|
| 300 |
# |
# |
|a 178 p.
|
| 650 |
0 |
0 |
|a United States of America --
|x Business --
|x Directories --
|z Malaysia
|
| 650 |
0 |
0 |
|a Malaysia --
|x Business --
|x Directories --
|z United States of America
|
| 651 |
0 |
0 |
|a United States of America
|
| 651 |
0 |
0 |
|a Malaysia
|
| 999 |
|
|
|a 0000025640
|b Directories
|c Malaysia
|e Business Information Centre
|